000 01101nam a2200301 i 4500
001 96393
003 ES-MaACL
005 20250804011343.0
007 t|
008 050617s1969 sp |||| | spa d
080 _a308(460)"18"
080 _a329.12(460)"18"
080 _a338.1(460)"18"
080 _a94(460)"18"
100 1 _aMallada, Lucas (
_d1841-1921)
_975787
245 1 4 _aLos males de la patria y la futura revolución española /
_cLucas Mallada ; selección, prólogo y notas de Francisco J. Flores Arroyuelo.
260 _aMadrid :
_bAlianza Editorial,
_c1969.
300 _a233 p. ;
_c18 cm.
490 1 _aEl libro de bolsillo. Clásicos ;
_v198
650 4 _aRegeneracionismo
_916742
651 7 _aEspaña-
_xHistoria-
_yS.XIX
_2
_9142005
651 4 _aEspaña-
_xSituación económica-
_yS.XIX.
_98504
651 4 _aEspaña-
_xSituación social-
_yS.XIX
_98512
700 1 _aFlores Arroyuelo, Francisco J.
_951271
830 1 3 _aEl libro de bolsillo.
_pClásicos
_v198
_9179723
852 _aES-MaACL
_jC-36515
_z- Ejemplar falto del prólogo
999 _c96393
_d96393